Statistics for Imagine Dragons Songs

Click here to take the quiz!

General Stats

  • This quiz has been taken 9 times
  • The average score is 12 of 22

Answer Stats

LineSong% Correct
Pain you made a _ (2x)Believer
86%
It's where my _ hideDemons
86%
Whoa whoa I'm _Radioactive
86%
Lightning and the _Thunder
86%
On son of a _ _ _I'm So Sorry
71%
When everything everything everything you touch turns to _ (3x)Gold
57%
Can anyone _ _Hear Me
57%
So _ _ _ _ (3x) on youI Bet My Life
57%
_ _ to beganIt's Time
57%
Because your a _Natural
57%
Because I'm _ _ _ _ _On Top of the World
57%
We are the _ who built this townWarriors
57%
I'll do _ _ _ 'cause I how it feels when I break the chainsWhatever It Takes
57%
Just by the side of _Amsterdam
43%
_ fly in different directionsBirds
43%
I turned into a _Monster
43%
Hello hello let me show what it is like to be a _ (2x)Zero
43%
All that's left is the _ _Battle Cry
29%
I'm _ _ said that the last thing I doBleeding Out
29%
It's me you'll save cause I'm a _ _Lost Cause
29%
Close your eyes and the glory fads _ _ _ (3x) awayReady Aim Fire
14%
Cause it's _ _ _Who We Are
14%

Score Distribution

Percentile by Number Answered

Percent of People with Each Score

Your Score History

You have not taken this quiz